| 000 | 00716nam a2200217 i 4500 | ||
|---|---|---|---|
| 001 | 172655 | ||
| 003 | ES-MaACL | ||
| 005 | 20231228063256.0 | ||
| 008 | 090810s1981 sp |||| | cat d | ||
| 017 | _aB 235-1981 | ||
| 080 | _a821.134.1-23"18" | ||
| 100 | 1 |
_aGuimerá, Ángel, _d1845-1924 _960844 |
|
| 245 | 1 | 0 |
_aTerra baixa _b: drama en tres actes / _cÀngel Guimerà. |
| 250 | _a3ª ed. | ||
| 260 |
_aBarcelona : _bSelecta, _c1981. |
||
| 300 |
_a84 p., [1] h. ; _c18 cm. |
||
| 490 | 1 |
_aBiblioteca popular teatral ; _v11 |
|
| 830 | 0 |
_aBiblioteca popular teatral ; _v11 _9223414 |
|
| 852 | 4 |
_aES-MaACL _jE-12951 _9R.139316 _z. - Biblioteca Jacinto Martínez Lacalle |
|
| 999 |
_c172655 _d172655 |
||